Statistiken für Eintracht Frankfurt - Torschützen 2010/11

Klicken Sie hier um das Quiz zu spielen!

Allgemein

  • Dieses Quiz wurde 29 mal gespielt
  • Das Durchschnittsergebnis liegt bei 6 aus 11

Antwortstatistiken

ToreSpieler% Korrekt
16Theofanis Gekas
95%
2Alexander Meier
86%
2Patrick Ochs
67%
1Marco Russ
62%
2Sebastian Rode
62%
1Martin Fenin
57%
2Benjamin Köhler
48%
1Caio
48%
1Giorgos Tzavellas
43%
2Chris
38%
1Pirmin Schwegler
29%

Verteilung der Resultate

Perzentil nach korrekt beantworteten Fragen

Anzahl Personen mit jedem Resultat

Ihre Resultats-Entwicklung

Sie haben dieses Quiz noch nicht gespielt